Catálogo
 En Linea

Kitab al-muyarrabat = Libro de las experiencias médicas / (Registro nro. 41054)

Detalles MARC
000 -CABECERA
campo de control de longitud fija 00840nam a2200217 a 4500
001 - NÚMERO DE CONTROL
campo de control 000041564
005 - FECHA Y HORA DE LA ÚLTIMA TRANSACCIÓN
campo de control 20201002035636.0
008 - DATOS DE LONGITUD FIJA--INFORMACIÓN GENERAL
campo de control de longitud fija 131011s1994 sp 000 0 spa d
020 ## - NÚMERO INTERNACIONAL ESTÁNDAR DEL LIBRO
Número Internacional Estándar del Libro 8400074556
040 ## - FUENTE DE LA CATALOGACIÓN
Centro catalogador/agencia de origen DO-SdBNP
Lengua de catalogación spa
Centro/agencia transcriptor BNPHU
041 17 - CÓDIGO DE LENGUA
Código de lengua del texto/banda sonora o título independiente spa
Código de lengua original ára
082 ## - NÚMERO DE LA CLASIFICACIÓN DECIMAL DEWEY
Número de clasificación xxxx
Número de documento/Ítem xxxx
100 1# - ENTRADA PRINCIPAL--NOMBRE DE PERSONA
Nombre de persona Abû LʻAlâʼ Zuhr
9 (RLIN) 68313
240 10 - TÍTULO UNIFORME
Título uniforme Kitab al-muyarrabat
Lenguaje de la obra Español
245 10 - MENCIÓN DE TÍTULO
Título Kitab al-muyarrabat = Libro de las experiencias médicas /
Mención de responsabilidad, etc. Abû LʻAlâʼ Zuhr ; edición, traducción y estudio por Cristina Álvarez Millán.
260 ## - PUBLICACIÓN, DISTRIBUCIÓN, ETC.
Lugar de publicación, distribución, etc. Madrid :
Nombre del editor, distribuidor, etc. Consejo Superior de Investigaciones Científicas,
-- Agencia española de cooperación científicas,
Fecha de publicación, distribución, etc. 1994.
300 ## - DESCRIPCIÓN FÍSICA
Extensión 312, 187 p. ;
Dimensiones 24 cm.
490 1# - MENCIÓN DE SERIE
Mención de serie Fuentes arábico-hispanas
Designación de volumen o secuencia 17
504 ## - NOTA DE BIBLIOGRAFÍA, ETC.
Nota de bibliografía, etc. Bibliografía : p. 301-312
830 #0 - PUNTO DE ACCESO ADICIONAL DE SERIE-TÍTULO UNIFORME
Título uniforme Fuentes arábico-hispanas ;
Número de parte o sección de la obra 17
9 (RLIN) 68314
Existencias
Estado de retiro Estado de pérdida Restricciones de uso No para préstamo Código de colección Localización permanente Ubicación/localización actual Ubicación en estantería Fecha de adquisición Número de inventario Total de préstamos Signatura topográfica completa Código de barras Fecha visto por última vez Precio válido a partir de Tipo de ítem Koha
      Excluido de préstamo Monografías: Libros y Folletos General General En catalogación 11.10.2013 LF1   xxxx xxxx 41564-10 25.06.2020 25.06.2020 No se presta

Con tecnología Koha